Catálogo
 En Linea

Ramón Natera : (Registro nro. 46158)

Detalles MARC
000 -CABECERA
campo de control de longitud fija 01363nam a2200325 a 4500
001 - NÚMERO DE CONTROL
campo de control 000046669
003 - IDENTIFICADOR DEL NÚMERO DE CONTROL
campo de control DO-SdBNP
005 - FECHA Y HORA DE LA ÚLTIMA TRANSACCIÓN
campo de control 20240302073951.0
007 - CAMPO FIJO DE DESCRIPCIÓN FÍSICA--INFORMACIÓN GENERAL
campo de control de longitud fija ta
008 - DATOS DE LONGITUD FIJA--INFORMACIÓN GENERAL
campo de control de longitud fija 100203s2014 dr a 000 0 spa d
020 ## - NÚMERO INTERNACIONAL ESTÁNDAR DEL LIBRO
ISBN cancelado o inválido 9789945468366
040 ## - FUENTE DE LA CATALOGACIÓN
Centro catalogador/agencia de origen DO-SdBNP
Lengua de catalogación spa
Centro/agencia transcriptor BNPHU
082 ## - NÚMERO DE LA CLASIFICACIÓN DECIMAL DEWEY
Número de clasificación 923.5
Número de documento/Ítem N273C, 2014
Número de edición 22
100 1# - ENTRADA PRINCIPAL--NOMBRE DE PERSONA
Nombre de persona Cassá, Roberto,
Fechas asociadas al nombre 1948-
9 (RLIN) 10888
245 10 - MENCIÓN DE TÍTULO
Título Ramón Natera :
Resto del título el señor del monte /
Mención de responsabilidad, etc. Roberto Cassá ; ilustraciones José Mercader.
250 ## - MENCIÓN DE EDICIÓN
Mención de edición 2a. ed.
260 ## - PUBLICACIÓN, DISTRIBUCIÓN, ETC.
Lugar de publicación, distribución, etc. Santo Domingo :
Nombre del editor, distribuidor, etc. Tobogan,
Fecha de publicación, distribución, etc. 2014.
300 ## - DESCRIPCIÓN FÍSICA
Extensión 64 p. :
Otras características físicas il. ;
Dimensiones 21 cm.
490 1# - MENCIÓN DE SERIE
Mención de serie Bibliografías Dominicanas Tobogán ;
504 ## - NOTA DE BIBLIOGRAFÍA, ETC.
Nota de bibliografía, etc. Bibliografía : p. 61.
505 0# - NOTA DE CONTENIDO CON FORMATO
Título El contexto del caudilismo --
-- Configuración del "Gavillerismo" --
-- Epicentro en el Este --
-- Orígenes de Natera --
-- La intervensión militar --
-- La campaña de Vicente Evangelista --
-- La saga del rebelde --
-- La recomposición de la jefatura --
-- La insurgencia estancada --
-- Acoso, rendición y asesinato --
-- Bibliografía.
590 ## - NOTA LOCAL (RLIN)
Nota local Inventariado, 2018/VM
600 14 - PUNTO DE ACCESO ADICIONAL DE MATERIA--NOMBRE DE PERSONA
Nombre de persona Natera, Ramón
Fechas asociadas al nombre ?
Subdivisión de forma BIOGRAFÍAS
9 (RLIN) 74626
650 #4 - PUNTO DE ACCESO ADICIONAL DE MATERIA--TÉRMINO DE MATERIA
Término de materia o nombre geográfico como elemento de entrada República dominicana
Subdivisión general Biografías
9 (RLIN) 30688
651 #4 - PUNTO DE ACCESO ADICIONAL DE MATERIA--NOMBRE GEOGRÁFICO
Nombre geográfico República Dominicana
Subdivisión general Historia
Subdivisión cronológica 1898-1934
9 (RLIN) 74627
700 12 - PUNTO DE ACCESO ADICIONAL--NOMBRE DE PERSONA
Nombre de persona Mercader, José
Término indicativo de función/relación ils.
9 (RLIN) 56560
830 #0 - PUNTO DE ACCESO ADICIONAL DE SERIE-TÍTULO UNIFORME
Título uniforme Bibliografías Dominicanas Tobogán
9 (RLIN) 51678
910 ## - DATOS DE OPCIÓN DEL USUARIO (OCLC)
Datos de opción del usuario VM
942 ## - ELEMENTOS DE PUNTO DE ACCESO ADICIONAL (KOHA)
Fuente del sistema de clasificación o colocación Dewey Decimal Classification
Tipo de ítem Koha Libro
Existencias
Estado de retiro Estado de pérdida No para préstamo Código de colección Localización permanente Ubicación/localización actual Ubicación en estantería Fecha de adquisición Número de inventario Total de préstamos Signatura topográfica completa Código de barras Fecha visto por última vez Número de copia Precio válido a partir de Tipo de ítem Koha Fuente del sistema de clasificación o colocación Restricciones de uso Fuente de adquisición
      Dominicana de Servicio Biblioteca Nacional Pedro Henríquez Ureña Biblioteca Nacional Pedro Henríquez Ureña En catalogación 17.01.2023     BNPHU DS 923.5 N273C, 2014 2023-0201 17.01.2023 e.4 17.01.2023 Libro Dewey Decimal Classification Préstamo en sala donado por ADP
      Dominicana de Servicio Biblioteca Nacional Pedro Henríquez Ureña Biblioteca Nacional Pedro Henríquez Ureña En catalogación 17.01.2023     BNPHU DS 923.5 N273C, 2014 2023-0202 17.01.2023 e.5 17.01.2023 Libro Dewey Decimal Classification Préstamo en sala donado por ADP
    Excluido de préstamo Dominicana de Servicio General General Depósito 15.03.2018 LF1   923.5 N273C, 2014 46669-30 25.06.2020 e. 3 25.06.2020 Libro y Folleto Colección Dominicana de Servicio      
    Excluido de préstamo Patrimonio Dominicano Patrimonio Dominicano Patrimonio Dominicano Depósito 15.03.2018 LF1   923.5 N273C, 2014 46669-10 25.06.2020   25.06.2020 Libro y Folleto Colección Patrimonio Dominicano      
    Excluido de préstamo Patrimonio Dominicano Patrimonio Dominicano Patrimonio Dominicano Depósito 15.03.2018 LF1   923.5 N273C, 2014 46669-20 25.06.2020 e. 2 25.06.2020 Libro y Folleto Colección Patrimonio Dominicano      

Con tecnología Koha